Municipalities of South Carolina Counties- Marlboro - Statistics

General Stats
  • This quiz has been taken 10 times
  • The average score is 2 of 5
Answer Stats
Population (2020) Municipality % Correct
7,020 Bennettsville
83%
115 Blenheim
33%
608 Clio
33%
2,070 McColl
33%
76 Tatum
17%
No matching quizzes found
Score Distribution
Percent of People with Each Score
Percentile by Number Answered
Your Score History
You have not taken this quiz